02024 a2200289 4500003000500000005001700005010001600022020001500038040000900053082001400062100002800076245008400104250001400188260005500202300004300257505049200300650002900792700003400821942002300855999001900878952012300897952015001020952013801170952015001308952015001458952012601608NUST20221114121603.0 a 00046493 a0130182656 cNust00a512.5,KOL1 aKolman, Bernard,93880010aIntroductory linear algebra with applications /cBernard Kolman, David R. Hill. a7th ed. / aUpper Saddle River, N.J. :bPrentice Hall,cc2001. axvi, 577, A68, 10 p. :bill. ;c27 cm. aLinear Equations and Matrices (Page-1), Applications of Linear Equations and Matrices (Optional) (Page-92), Determinants (Page-140), Vectors in Rn (Page-170), Applications of Vectors in R2 and R3 (Page-217), Applications of Real Vector Spaces (Page-327), Eigenvalues Eigenvectors and Diagonalization (Page-343), Applications of Eigenvalues and Eigenvectors (Page-379), Linear Transformations and Matrices (Page-434), Linear Programming (Page-488), Matlab for Linear Algebra (Page-545). 0aAlgebras, Linear.9107201 aHill, David R.d1943-9102579 2ddccBKk512.5,KOL c189140d189140 00102ddc4070aMCSbMCScGENd2016-12-12o512.5,KOLpMCS31457r2016-12-08w2016-12-12yBKzAlmirah No.19, Shelf No.3 00102ddc4070aMCSbMCScGENd2016-12-12l2o512.5,KOLpMCS36352q2026-06-20r2026-02-20s2026-02-20w2016-12-12yBKzAlmirah No.11, Shelf No.3 00102ddc4070aMCSbMCScGENd2016-12-12l2o512.5,KOLpMCS36365r2026-03-06s2026-02-20w2016-12-12yBKzAlmirah No.11, Shelf No.3 00102ddc4070aMCSbMCScGENd2016-12-12l1o512.5,KOLpMCS36371q2026-06-06r2026-02-06s2026-02-06w2016-12-12yBKzAlmirah No.11, Shelf No.3 00102ddc4070aMCSbMCScGENd2016-12-12l2o512.5,KOLpMCS36887q2026-03-27r2026-02-25s2026-02-25w2016-12-12yBKzAlmirah No.11, Shelf No.3 00102ddc4070aMCSbMCScGENd2026-02-28l0o512.5,KOLpMCS31459r2026-02-28w2026-02-28yBKzAlmirah No.19, Shelf No.3